The business of tourism (Record no. 77926)

MARC details
000 -LEADER
fixed length control field 01463nam a2200241 a 4500
008 - FIXED-LENGTH DATA ELEMENTS--GENERAL INFORMATION
fixed length control field 070426s1998 ||||||||||||||||| || u
020 ## - INTERNATIONAL STANDARD BOOK NUMBER
International Standard Book Number 0582328810
050 ## - LIBRARY OF CONGRESS CALL NUMBER
Classification number G 155 Hol
100 ## - MAIN ENTRY--PERSONAL NAME
Personal name Holloway, J. Chrsitopher
245 14 - TITLE STATEMENT
Title The business of tourism
250 ## - EDITION STATEMENT
Edition statement 5th ed.
260 ## - PUBLICATION, DISTRIBUTION, ETC.
Place of publication, distribution, etc. New York
Name of publisher, distributor, etc. Addison-Wesley Longman
Date of publication, distribution, etc. 1998
300 ## - PHYSICAL DESCRIPTION
Extent xii, 350p.: ill.
350 ## -
-- 0.00
650 #0 - SUBJECT ADDED ENTRY--TOPICAL TERM
Topical term or geographic name entry element BUSINESS
650 ## - SUBJECT ADDED ENTRY--TOPICAL TERM
Topical term or geographic name entry element TOURISM
995 ## -
-- MAIN LIBRARY OPEN ACCESS
-- 0.00
-- 737690
-- CBU-MAIN LIBRARY (Kitwe)
-- 1
-- 0.00
-- G 155 Hol.
-- 3
-- AVAILABLE
-- Apr 26, 2007
-- 54899
-- Main Library Open Access Collection
995 ## -
-- ANNEX COLLECTION (Main Library)
-- 0.00
-- 737688
-- CBU-MAIN LIBRARY (Kitwe)
-- 1
-- 0.00
-- G 155 Hol.
-- 4
-- AVAILABLE
-- Apr 26, 2007
-- 54908
-- Annex Low-Usage Collection
995 ## -
-- ANNEX COLLECTION (Main Library)
-- 0.00
-- 737689
-- CBU-MAIN LIBRARY (Kitwe)
-- 1
-- 0.00
-- G 155 Hol.
-- 2
-- AVAILABLE
-- Apr 26, 2007
-- 54898
-- Annex Low-Usage Collection
995 ## -
-- MAIN LIBRARY OPEN ACCESS
-- 0.00
-- 737687
-- CBU-MAIN LIBRARY (Kitwe)
-- 1
-- 0.00
-- G 155 Hol.
-- 1
-- AVAILABLE
-- Apr 26, 2007
-- 54897
-- Main Library Open Access Collection
995 ## -
-- ANNEX COLLECTION (Main Library)
-- 0.00
-- 738831
-- CBU-MAIN LIBRARY (Kitwe)
-- 1
-- 0.00
-- G 155 HOL
-- 5
-- AVAILABLE
-- Oct 7, 2008
-- 738831
-- Annex Low-Usage Collection
995 ## -
-- ANNEX COLLECTION (Main Library)
-- 0.00
-- 738832
-- CBU-MAIN LIBRARY (Kitwe)
-- 1
-- 0.00
-- G 155 Hol.
-- 2
-- AVAILABLE
-- Oct 7, 2008
-- 738832
-- Annex Low-Usage Collection
999 ## -
-- 77926
-- 77926
Holdings
Withdrawn status Lost status Source of classification or shelving scheme Damaged status Not for loan Permanent Location Current Location Shelving location Date acquired Total Checkouts Full call number Barcode Date last seen Copy number Price effective from Koha item type
          CBU-MAIN LIBRARY, KITWE. CBU-MAIN LIBRARY, KITWE.   05/03/2023   G 155 Hol 54899 05/03/2023 1 05/03/2023 MONOGRAPH
          CBU-MAIN LIBRARY, KITWE. CBU-MAIN LIBRARY, KITWE.   05/03/2023   G 155 Hol 54908 05/03/2023 2 05/03/2023 MONOGRAPH
          CBU-MAIN LIBRARY, KITWE. CBU-MAIN LIBRARY, KITWE.   05/03/2023   G 155 Hol 54898 05/03/2023 3 05/03/2023 MONOGRAPH
          CBU-MAIN LIBRARY, KITWE. CBU-MAIN LIBRARY, KITWE.   05/03/2023   G 155 Hol 54897 05/03/2023 4 05/03/2023 MONOGRAPH
          CBU-MAIN LIBRARY, KITWE. CBU-MAIN LIBRARY, KITWE.   05/03/2023   G 155 Hol 738831 05/03/2023 5 05/03/2023 MONOGRAPH
          CBU-MAIN LIBRARY, KITWE. CBU-MAIN LIBRARY, KITWE.   05/03/2023   G 155 Hol 738832 05/03/2023 6 05/03/2023 MONOGRAPH